000 01162naa a22003017a 4500
001 BR9404351
003 BR-BrBNA
005 20240918181231.0
007 ta
008 230509b bl.||||| |||| 00| 0 por d
040 _aBR-BrBNA
_bpor
_cBiblioteca Nacional de Agricultura
041 _a(Pt)
072 _aH60; E16
090 _aH60 BR9404351
100 1 _aSkora Neto, F.
111 1 _a1. Encontro Latino Americano sobre Plantio Direto na Pequena Propriedade
_cPonta Grossa, PR (Brazil)
_d22-26 Nov 1993
245 1 _aControle de plantas daninhas em plantio direto nas pequenas propriedades
260 3 _aLondrina, PR (Brasil):
_c1993.
500 _a1. Encontro Latino Americano sobre Plantio Direto na Pequena Propriedade. Anais Londrina, PR (Brasil): 1993. p. 73-88 (BR9404351-AM)H60
650 _aPlantio Direto
650 _aErva Daninha
650 _aHerbicida
650 _aControle Quimico
650 _aCusto de Producao
773 0 _t1. Encontro Latino Americano sobre Plantio Direto na Pequena Propriedade. Anais
_wH60 BR9404351
_gLondrina, PR (Brasil), 1993. p. 73-88
909 _a202404
_bLucia
_c55
_dLucia Elande
942 _cAM
_2AGRIS
999 _c324258
_d324258